000 00599nam a2200157 a 4500
001 000031965
005 20200930063322.0
008 110707s19uu dr 000 0 spa d
040 _aDO-SdBNP
_bspa
_cBNPHU
082 _axxx
_bR426
110 1 _aRepública Dominicana
_bSecreetaría de Estado de Educación Bellas Artes y Cultos
_bDirección General de Educación Física Escolar
_958129
245 1 0 _aPrimeros auxilios :
_bManual de medidas de urgencias.
260 _aSanto Domingo :
_bDirección General de educación Física Escolar,
_c[19uu?].
300 _a42 p. :
_bil. ;
_c22 cm.
049 _aBNPD
999 _c31456
_d31456